Gendered Peace: (Record no. 10805)

MARC details
000 -LEADER
fixed length control field 01469nam a22001937a 4500
001 - CONTROL NUMBER
control field 10805
005 - DATE AND TIME OF LATEST TRANSACTION
control field 20251201082753.0
008 - FIXED-LENGTH DATA ELEMENTS--GENERAL INFORMATION
fixed length control field 160803b xxu||||| |||| 00| 0 eng d
020 ## - INTERNATIONAL STANDARD BOOK NUMBER
International Standard Book Number 9780415874489
040 ## - CATALOGING SOURCE
Original cataloging agency BSULIB
Transcribing agency BSULIB
Modifying agency BSULIB
082 ## - DEWEY DECIMAL CLASSIFICATION NUMBER
Edition number 22
Classification number 305.4
Item number GEN
245 ## - TITLE STATEMENT
Title Gendered Peace:
Remainder of title Women's Struggles for Post-War Justice and Reconciliation
Statement of responsibility, etc edited by Donna Pankhurst
260 ## - PUBLICATION, DISTRIBUTION, ETC. (IMPRINT)
Place of publication, distribution, etc New York:
Name of publisher, distributor, etc Routledge,
Date of publication, distribution, etc 2008.
300 ## - PHYSICAL DESCRIPTION
Extent x, 341p.;
Dimensions 23cm
505 ## - FORMATTED CONTENTS NOTE
Formatted contents note 1. Introduction: gendered war and peace 2. Gendering international justice: progress and pitfalls at international criminal tribunals 3. Truth and reconciliation commissions and gender justice 4. "Your justice is too slow" will the international criminal tribunal for Rwanda fail Rwanda's rape victims? 5. Gender injustice and the south African truth and reconciliation commission 6. The politics of gender and reconstruction in Afghanistan: Old dilemmas or new challenges? 7. The Chittagong Hill Tracts (CHT) accord and after: gendered dimensions of peace 8. Marrying your rapist: domesticated war crimes in Peru 9. Joining Forces for Democratic governance: women's alliance-building for post-war reconstruction in central America 10. Gendered war, Gendered peace: violent conflicts in the Balkans and their consequences 11. Post-war backlash violence against women: what can "Masculinity" Explain?
650 ## - SUBJECT ADDED ENTRY--TOPICAL TERM
Source of heading or term Gender
Topical term or geographic name as entry element Peace
Form subdivision Women
9 (RLIN) 21133
658 ## - INDEX TERM--CURRICULUM OBJECTIVE
Main curriculum objective Social Sciences
942 ## - ADDED ENTRY ELEMENTS (KOHA)
Source of classification or shelving scheme Dewey Decimal Classification
Item type Reserved Books
Holdings
Withdrawn status Lost status Source of classification or shelving scheme Damaged status Not for loan Collection code Home library Current library Shelving location Date acquired Source of acquisition Inventory number Total Checkouts Full call number Barcode Date last seen Copy number Price effective from Koha item type Public note
    Dewey Decimal Classification       Main Library Main Library Reserve Book Section 03/08/2016 Purchased 30706   305.4 GEN bsu25110142 03/08/2016 001 03/08/2016 Reserved Books Material available in hard copy
    Dewey Decimal Classification       Main Library Main Library Reserve Book Section 03/11/2016 Purchased 30855   305.4 GEN bsu25110143 15/11/2025 002 15/11/2025 Reserved Books Material available in hard copy

© 2017 Bishop Stuart University Library. All Rights Reserved.
Kakoba Campus, Plot 150 Buremba Road | P.O. Box 9, Mbarara, UGANDA | Tel: +256-772-463068
Email: library@bsu.ac.ug